000 00549nam a22001577a 4500
003 0
005 20231107141444.0
008 231107b xxu||||| |||| 00| 0 eng d
050 _aRA 776.9
_b.M66 2023
100 _aMonte, Kyleen R.
245 _aJackpot mentality among Filipino adults: a correlational study on locus of control and distress tolerance in the gambling context
_cMonte, Kyleen R.
260 _aLas Pinas City
_bSouthville Intentional School and Colleges
_cc2023.
300 _a260 p.
_c28cm.
500 _aDistress.
942 _2lcc
_cTH
999 _c365591
_d365591